Name all of the Minecraft Tools - Statistics

General Stats
  • This quiz has been taken 150 times
    121 since last reset
  • The average score is 11 of 26
Answer Stats
Answer % Correct
Sword
97%
Pickaxe
96%
Axe
94%
Shovel
94%
Hoe
88%
Bow
78%
Trident
57%
Crossbow
56%
Shield
49%
Fishing Rod
48%
Mace
45%
Flint and Steel
41%
Bucket
36%
Shears
34%
Elytra
33%
Totem of Undying
22%
Compass
20%
Torch
20%
Firework
19%
Clock
16%
Lead
15%
Map
15%
Saddle
15%
Spyglass
12%
Name Tag
6%
Trial Key
1%
No matching quizzes found
Score Distribution
Percent of People with Each Score
Percentile by Number Answered
Your Score History
You have not taken this quiz since the last reset